000 00746cam a2200241 a 4500
001 000007916
005 20200929154341.0
008 940705s1994 sp 000 f spa
020 _a8433909355
035 _a(DLC) 94179504
040 _aDO-SdBNP
_cDLC
082 _a863.64
_bM333c, 1994
100 1 _aMarías, Javier.
_q(Javier Marías Franco),
_d1951-
_921698
245 1 0 _aCorazón tan blanco /
_cJavier Marías.
250 _a16a ed.
260 _aBarcelona :
_bAnagrama,
_c1994.
300 _a301 p. ;
_c22 cm.
490 1 _aNarrativas hispánicas
_v125
650 4 _aNovela española
_91123
650 4 _aLiteratura española
_ySIGLO XX
_93326
830 0 _aNarrativas hispánicas ;
_v125
_921236
910 _aCatalogación por copia / LC
999 _c7694
_d7694